000 00391nam a2200133Ia 4500
005 20260326100028.0
008 260326s9999||||xx |||||||||||||| ||und||
100 _aGissen, David
245 0 _aBig & Green :
_b Sustainable Skyscrapers for the Twenty-First Century /
_cDavid Gissen
260 _bPrinceton Architectural Press
300 _a191 p.
650 _aARQUITECTURA Y CLIMA
942 _cBK
999 _c6500
_d6500